| 000 | 00459nam a2200157 a 4500 | ||
|---|---|---|---|
| 001 | 000031131 | ||
| 005 | 20200930062726.0 | ||
| 008 | 110614s1995 dr a 000 0 spa d | ||
| 040 |
_aDO-SdBNP _bspa _cBNPHU |
||
| 082 |
_axxxx _bC961v, 1995 |
||
| 245 | 0 | 0 |
_aCuando de vaca se trata... : _bmanual para crianza y cuidado del ganado vacuno/. |
| 250 | _a2a ed. | ||
| 260 |
_aSanto Domingo : _bCe-Mujer, _c1995. |
||
| 300 |
_a54 p. : _bspa ; _c27 cm. |
||
| 049 | _aBNPD | ||
| 999 |
_c30623 _d30623 |
||